Statystyki dla 15 najbardziej dotkniętych krajów Covid-19 - 2 grudnia

Kliknij tutaj aby rozwiązać quiz!

Ogólne statystyki

  • Ten quiz został rozwiązany 22 razy
  • Średni wynik to 12 z 27

Statystyki odpowiedzi

kraj% Poprawnych
Polska
100%
Stany Zjednoczone
100%
Hiszpania
90%
Niemcy
90%
Brazylia
86%
Francja
81%
Rosja
76%
Wielka Brytania
76%
Indie
71%
Meksyk
71%
Włochy
71%
Argentyna
57%
Peru
38%
Iran
33%
Kolumbia
33%
Belgia
29%
Czechy
29%
Szwajcaria
19%
Chorwacja
14%
Panama
14%
Armenia
10%
Bahrajn
10%
Gruzja
10%
Izrael
10%
Katar
10%
Kuwejt
10%
Słowenia
10%

Rozkład punktacji

Percentyl według liczby udzielonych odpowiedzi

Procent ludzi z każdym wynikiem

Twoja historia wyników

Nie rozwiązałeś tego quizu